|
|
|
|
| LEADER |
00000nam a2200000 4500 |
| 008 |
160704b2011 AG ||||| |||| 00| | spa d |
| 020 |
|
|
|a 9789876301091
|
| 090 |
|
|
|a 06.03.06
|b 2226
|
| 100 |
1 |
|
|9 1869
|a Ezcurra, Ana María
|
| 245 |
1 |
0 |
|a Igualdad en la educación superior: un desafío mundial /
|c Ana María Ezcurra
|
| 260 |
|
|
|a Los Polvorines, Buenos Aires : Universidad Nacional de General Sarmiento :
|b Instituto de Estudios y Capacitación,
|c 2011.
|
| 300 |
|
|
|a 108 páginas
|
| 490 |
|
|
|a Colección educación. Serie Universidad,
|l no. 1
|
| 650 |
1 |
4 |
|9 8
|a EDUCACIÓN SUPERIOR
|
| 650 |
1 |
4 |
|9 1146
|a DESIGUALDAD SOCIAL
|
| 650 |
1 |
4 |
|9 952
|a IGUALDAD DE OPORTUNIDADES
|
| 942 |
|
|
|i 003946
|h 06.03.06 2226
|2 z
|c 01
|
| 999 |
|
|
|c 3269
|d 3269
|